000 00680nam a2200229Ia 4500
003 OSt
005 20220925203950.0
006 a|||||r|||| 00| 0
007 ta
008 220923b |||||||| |||| 00| 0 eng d
037 _cGeneral Book
040 _aRTL
_cRTL
_beng
041 _2eng
_aeng
082 _aB286, M1
100 _aMohamed Fouad Yehia
_9267450
245 0 _aEstimation and prediction for expontential time se
260 _aFlorida
_bState University Press
_c1981
300 _a145P
_ccm.
490 _aFlorida State Unversity Press. Time Series Analysis
942 _hB286, M1
_cGB
_2CC
999 _c548226
_d548226